| 000 | 00921nam a2200253Ia 4500 | ||
|---|---|---|---|
| 003 | OSt | ||
| 005 | 20221005112159.0 | ||
| 006 | a|||||r|||| 00| 0 | ||
| 007 | ta | ||
| 008 | 221004b |||||||| |||| 00| 0 pan d | ||
| 020 | _cINR 200.00 | ||
| 024 | _a66725 | ||
| 037 |
_bSP/5347, 15/02/2020, Star Publications Pvt. Ltd. _cTextual |
||
| 040 |
_aCRL _cCRL _bpan |
||
| 041 |
_2pan _apan |
||
| 082 | _aQ8441xJ63, 153Q9 | ||
| 100 | _aਸਿੰਘ, ਰੂਪ, ਥਦ. | ||
| 245 | 0 | _aਕਅਜੁਗਿ ਜਹਾਜੁ ਅਰਗ਼ੁਨ ਗੁਰੂ | |
| 260 |
_aਅੰਮ੍ਰਿਤਸਰ _bਧਰਮ ਪ੍ਰਚਾਰ ਕਮੇਟੀ ਭਾਰਤ _c2019 |
||
| 300 |
_a590ਪ੍ਰ0 _ccm. |
||
| 650 |
_aਸਿੱਖ ਧਰਮ _9156314 |
||
| 942 |
_hQ8441xJ63, 153Q9 _cTEXL _2cc |
||
| 999 |
_c1024093 _d1024093 |
||